| 000 | 00759nam a2200229 i 4500 | ||
|---|---|---|---|
| 003 | BUEsh | ||
| 005 | 20230911123836.0 | ||
| 008 | 100803s1966 u f 000 0 ara d | ||
| 040 |
_aBUEsh _bara _erda _cBUEsh _dBUEsh |
||
| 082 | 0 | 4 |
_222 _a902 _bش ر ي |
| 100 | 1 |
_916996 _aشريف، حسن، _eمؤلف. |
|
| 245 | 1 | 2 |
_aالمآسي التاريخية الكبرى / _cحسن الشريف. |
| 264 | 1 |
_aالقاهرة : _bدار المعارف، _c1966. |
|
| 300 |
_a309 صفحة ؛ _c24 سم |
||
| 336 |
_2rdacontent _aنص _btxt |
||
| 337 |
_2rdamedia _aبدون وسيط _bn |
||
| 338 |
_2rdacarrier _aمجلد _bnc |
||
| 541 | _cإهداء | ||
| 650 | 7 |
_916997 _aالتاريخ _vمجموعات. _2BUEsh |
|
| 655 | _vReading book | ||
| 942 |
_2ddc _cBB |
||
| 999 |
_c14592 _d14592 |
||